| 000 | 01454ngm a22003610a 4500 | ||
|---|---|---|---|
| 001 | PT16665 | ||
| 003 | AR-LpoUNG | ||
| 005 | 20210202000218.0 | ||
| 007 | vd cvaizq | ||
| 008 | 191001s1999||||ag |||||||||||||||||spa d | ||
| 037 | _c$8.33 | ||
| 037 | _c$9,96 | ||
| 040 |
_aAR-LpoUNG _bspa _cAR-LpoUNG _eaacr |
||
| 041 | _aspa | ||
| 044 | _aag | ||
| 082 | 0 | _a946.08 965len | |
| 245 | 1 | 3 | _aLa lengua de las mariposas |
| 260 |
_aSan Luis : _bAVH, _c[1999]. |
||
| 300 | _aVHS (96 min.) : son., col. | ||
| 505 | 0 | _aProducción: José Luis Cuerda ; fotografía: Javier Salmones ; guión: Rafael Ascona. | |
| 520 | _aA finales del invierno de 1936 en un pueblo gallego, un niño se va incorporando a la escuela y tiene miedo, ha oído decir que los maestros pagan, el primer día de clase huye aterrorizado, Don Gregoiro en persona, el maestro que no pega, tendrá que ir a buscarlo a su casa, Don Gregorio saca las clases al campo, la observación directa de la naturaleza puede enseñarles más a sus discipulos que muchas horas de encierro y lecturas, pero con la asunción del Generalismo Franco todo se romperá. | ||
| 650 | 4 | _aCONSECUENCIAS SOCIALES | |
| 650 | 4 | _aEDUCACION | |
| 650 | 4 | _aESPAÑA | |
| 650 | 4 | _aFILOSOFIA DE LA EDUCACION | |
| 650 | 4 | _aGUERRA CIVIL | |
| 650 | 4 | _aSOCIALIZACION | |
| 651 | 4 | _aEspaña | |
| 653 | _aVIDEOS | ||
| 710 | 2 | _aPrimer Plano Film Group (firma comercial) | |
| 905 | _a16665 | ||
| 942 | _cVIDEO | ||
| 999 |
_c54358 _d54358 |
||